000 01018nam a2200325 a 4500
005 20200104041510.0
008 140220t1997 -usd fr|||| 001 0 eng d
020 _a0673982106
040 _aCO-BoIAVH
_cCO-BoIAVH
041 0 _aeng
044 _axxu
082 0 4 _a354
_bL63e
100 1 _aLesser, Jonathan A.
245 1 0 _aEnvironmental economics and policy.
260 _aMassachusetts :
_bAddison Wesley Iberoamericana,
_cc1997.
300 _a751 páginas :
_bGráficas ;
_c25 x 16 cm.
500 _aIncluye índice.
650 1 6 _aEconomía ambiental
650 2 6 _aCambio global
650 2 6 _aPolítica ambiental
650 2 6 _aRecursos naturales
650 2 6 _aDesarrollo sostenible
650 2 6 _aValoración ambiental
650 2 6 _aRecursos naturales renovables
650 2 6 _aRecursos hídricos
650 2 6 _aRecursos energéticos
700 1 _aDodds, Daniel E.
700 1 _aZerbe, Richard O.
942 _cLIBRO
_2ddc
999 _c370
_d370